Statistics for U.S. Cities with the Most Vietnamese

Click here to take the quiz!

General Stats

  • This quiz has been taken 1,408 times
  • The average score is 8 of 10

Answer Stats

PopulationMetro Area% Correct
346,000Los Angeles
97%
84,000San Francisco
93%
74,000Seattle
87%
143,000Houston
86%
58,000San Diego
86%
96,000Dallas
84%
143,000San Jose
69%
42,000Sacramento
64%
69,000Washington, D.C.
57%
55,000Atlanta
52%

Score Distribution

Percentile by Number Answered

Percent of People with Each Score

Your Score History

You have not taken this quiz